000 00633nam a2200181Ia 4500
008 100920s9999 xx 000 0 und d
082 _b67378
_a24 थ 91
100 _aदेसाई शंकर भाऊ.
245 _aआरोग्यासाठी योगासने.
260 _bकौशिक प्रकाशन, सातारा.
_c1991
300 _a156
_bसाधी
365 _b54
520 _aसायो.
630 _aआरोग्यासाठी योगासने.
650 _aसायो.
730 _aआरोग्यासाठी योगासने.
942 _cBOOK
999 _c709847
_d709844